LIBRARY & INFORMATION CENTRE, KCAET, TAVANUR

ONLINE PUBLIC ACCESS CATALOGUE (OPAC)

Normal view MARC view
  • Trivedy, R K

Entry Personal Name

Number of records used in: 1

001 - CONTROL NUMBER

  • control field: 7774

003 - CONTROL NUMBER IDENTIFIER

  • control field: OSt

005 - DATE AND TIME OF LATEST TRANSACTION

  • control field: 20250823160142.0

008 - FIXED-LENGTH DATA ELEMENTS

  • fixed length control field: 250823|| aca||aabn | a|a d

040 ## - CATALOGING SOURCE

  • Original cataloging agency: OSt
  • Transcribing agency: OSt

100 ## - HEADING--PERSONAL NAME

  • Personal name: Trivedy, R K

670 ## - SOURCE DATA FOUND

  • Source citation: Work cat.: (OSt)9747: Trivedy, R K., Advances in environmental science and technology, Vol 1 / , 1995.
free website counter